| 000 | 00612na a2200229 4500 | ||
|---|---|---|---|
| 001 | 19054 | ||
| 003 | MIRAKIL | ||
| 005 | 20181213154850.0 | ||
| 008 | 161207b tu 000 0 | ||
| 040 |
_aMilas _btur _cTR-AnCHP |
||
| 041 | _atur | ||
| 082 |
_a297.479 _bÖ94d 2014 |
||
| 090 | _a297.479 Ö94d 2014 | ||
| 100 | _aÖzkes, İhsan | ||
| 245 |
_aDünden bugüne cami yalanları _cİhsan Özkes |
||
| 246 | _aCami yalanları | ||
| 260 |
_aAnkara _b[yayl. y.] _c2014 |
||
| 300 |
_a142 s. _bres. _c18 sm. |
||
| 650 |
_aCamiler _zTürkiye |
||
| 650 |
_aİslamiyet ve siyaset _zTürkiye |
||
| 942 |
_2ddc _cBKS |
||
| 999 |
_c2249 _d2249 |
||